| 000 | 01149nam a2200241 i 4500 | ||
|---|---|---|---|
| 001 | 157613 | ||
| 003 | ES-MaACL | ||
| 005 | 20240530062943.0 | ||
| 008 | 020723s1881 sp |||| | spa d | ||
| 080 | _a811.14'373 | ||
| 080 | _a81'373.46:61 | ||
| 100 | 1 |
_aLetamendi, José de, _d1828-1897 _971873 |
|
| 245 | 1 | 0 |
_aElementos de lexicología griega con aplicación al tecnicismo médico : _bprecédelas una introducción al cultivo de idiomas / _cpor José de Letamendi. |
| 260 |
_aMadrid : _b[s.n.], _c1881 ( _fEstab. Tip. de Eduardo Cuesta) |
||
| 300 |
_a45 p., [1] h. pleg. ; _c23 cm. |
||
| 530 | _aDisponible en formato digital. | ||
| 650 | 4 |
_aLengua griega- _xLexicografía. _914247 |
|
| 650 | 4 |
_aMedicina- _xTerminología. _9153308 |
|
| 852 | 4 |
_aES-MaACL _jFol-Laf-395 _z- Legado Modesto Lafuente |
|
| 852 | 4 |
_aES-MaACL _jT-360-F-16 _z- Enc. hol., falto de cub. original _z- Enc. en un vol. facticio _z- Donativo Luis Morote _z- Dedicatoria manuscrita del autor a Luis Morote |
|
| 856 | 4 |
_uhttp://bdh-rd.bne.es/viewer.vm?id=0000097588&page=1 _zBiblioteca Digital Hispánica |
|
| 999 |
_c157613 _d157613 |
||